El día más largo del siglo / (Record no. 136559)

MARC details
000 -LEADER
campo de control de longitud fija 00519nam a2200169 4500
001 - NÚMERO DE CONTROL
campo de control 136559
003 - IDENTIFICADOR DE NÚMERO DE CONTROL
campo de control ES-MaACL
005 - FECHA Y HORA DE LA ÚLTIMA TRANSACCIÓN
campo de control 20230906195151.0
007 - CAMPO FIJO DE DESCRIPCIÓN FÍSICA--INFORMACIÓN GENERAL
campo de control de longitud fija t|
008 - DATOS DE LONGITUD FIJA--INFORMACIÓN GENERAL
campo de control de longitud fija 070214s1961 sp r ||||1| spa d
100 1# - ENTRADA PRINCIPAL--NOMBRE DE PERSONA
Nombre de persona Ryan, Cornelius.
9 (RLIN) 101095
245 13 - MENCIÓN DEL TÍTULO
Título El día más largo del siglo /
Mención de responsabilidad, etc. Cornelius Ryan ; traducción del inglés por Ramón Gil Novales.
260 ## - PUBLICACIÓN, DISTRIBUCIÓN, ETC.
Lugar de publicación, distribución, etc. Barcelona :
Nombre del editor, distribuidor, etc. Grijalbo,
Fecha de publicación, distribución, etc. 1961.
300 ## - DESCRIPCIÓN FÍSICA
Extensión 245 p. ;
Dimensiones 24 cm.
700 1# - ENTRADA AGREGADA--NOMBRE PERSONAL
Nombre de persona Gil Novales, Ramón.
9 (RLIN) 56852
852 ## - LOCALIZACIÓN
Ubicación ES-MaACL
Número de control de estantería C-19799
Sublocalización o colección R.47484
Holdings
Estatus retirado Estado de pérdida Estado de daño No para préstamo Biblioteca de origen Biblioteca actual Ubicación en estantería Fecha de adquisición Fuente de adquisición Total de préstamos Signatura topográfica completa Código de barras Visto por última vez Precio de reemplazo Tipo de ítem Koha
        Biblioteca del Ateneo de Madrid Biblioteca del Ateneo de Madrid Galería 17/01/2008     C-19799 1142120 23/02/2023 23/02/2023 Libro impreso